Barcelone - Choix multiples - Statistiques

Statistiques générales
  • Ce quiz a été pris 6 215 fois
    6 110 depuis la dernière actualisation
  • Le résultat moyen est 7 sur 10
Statistiques - réponses
Question Réponse % Correct
Qui est le meilleur buteur de l'histoire du FC Barcelone ? Lionel Messi
84%
En quelle année la ville accueillit-elle les Jeux olympiques ? 1992
82%
Quel ancien Premier ministre français s'est présenté aux élections municipales de Barcelone en 2019 ? Manuel Valls
79%
Quelle avenue barcelonaise est célèbre pour son ambiance festive et ses artistes de rue ? La Rambla
74%
A quel artiste un musée abritant 4 251 de ses oeuvres est-il dédié à Barcelone ? Pablo Picasso
74%
Lequel de ces monuments ne se trouve PAS à Barcelone ?
64%
Depuis combien de temps environ la Sagrada Familia est-elle en construction ? 150 ans
60%
De quel animal une statue trône-t-elle au cœur du parc Güell ? Une salamandre
55%
Qui trône au sommet d'une colonne de 60 mètres à l'une des extrémités de ce boulevard ? Christophe Colomb
45%
Quel fleuve se jette dans la Méditerranée au niveau de Barcelone et complète le nom de plusieurs de ses banlieues (L'Hospitalet, El Prat,...) ? Le Llobregat
38%
Aucun quiz correspondant
Distribution des résultats
% des personnes avec chaque résultat
Percentile par nombre de réponses
Votre historique - résultats
Vous n’avez pas pris ce quiz depuis la dernière actualisation